• 首页
  • 本馆介绍
  • 公告通知
  • 最新文献
  • 馆藏检索
  • 电子资源
  • 读者导购
  • 参考咨询
  • 我的图书馆
  • 登录
  • 详细信息显示
  • 放入我的书架
  • 预约/预借图书
  • 作者相关作品
  • 分类相关作品
  • 丛书相关作品
  • 出版社相关作品

书目信息

  • 表格格式
  • 工作单格式
  • 卡片格式
题名:
运动生理学
    
 
作者: 邓树勋 主编
分册:  
出版信息: 北京   北京师范大学出版社  1987.12
页数: 426页
开本: 19厘米
丛书名:
单 册:
中图分类: G804.2
科图分类: 39.912
主题词: 运动生理--高等师范教育--教材
电子资源:
ISBN: 7-303-00001-1
000 00852nam0 2200277 45
001 0188000424
005 20070612112228.31
010    @a7-303-00001-1@dCNY2.45
020    @aCN@b88000424
092    @b7243·535
100    @a19910410d1987 m y0chiy0120 ea
101 0  @achi
102    @aCN@b110000
105    @ay j 000yy
200 10 @a运动生理学@Ayun dong sheng li xue@f邓树勋主编@Fdeng shu xun zhu bian
210    @a北京@c北京师范大学出版社@d1987.12
215    @a426页@d19厘米
300    @a中学教师《专业合格证书》体育教材
330    @a本书共14章,分别为:肌肉收缩、血液、血液循环、呼吸等。
540 1  @a运动生理学@Ayun dong sheng li xue
606    @a运动生理@x高等师范教育@x教材
690    @aG804.2@v1980
692    @a39.912@v1974
701  0 @a邓树勋@Adeng shu xun@4主编
801  0 @aCN@bTSSF@c20070612
905    @a10447@dG804.2@e267
    
    运动生理学/邓树勋主编.-北京:北京师范大学出版社,1987.12
    426页;19厘米
    中学教师《专业合格证书》体育教材
    
    ISBN 7-303-00001-1:CNY2.45
    本书共14章,分别为:肌肉收缩、血液、血液循环、呼吸等。
●
相关链接 在E读中查询图书 在五车中查询图书 在当当中查询图书 在豆瓣中查询图书


正题名:运动生理学     索取号:G804.2/267         预约/预借

序号 登录号 条形码 馆藏地/架位号 状态 备注
1 0638319   206383199   第一样本阅览室/ [索取号:G804.2/267] 在馆    
2 0638320   206383206   密集书库/ [索取号:G804.2/267] 在馆    
唐山师范学院图书馆 欢迎您!
大连网信软件有限公司© 版权所有